[Event "Wroclaw op-A"]
[Site "Wroclaw"]
[Date "2021.08.05"]
[Round "6"]
[White "Marszalek, Maciej"]
[Black "Rog, Bartlomiej"]
[Result "1-0"]
[WhiteElo "2303"]
[BlackElo "1981"]
[PlyCount "97"]
[EventDate "2021.08.01"]
[EventType "swiss"]
[EventRounds "9"]
[EventCountry "POL"]
[SourceTitle "CBM 203 Extra"]
[Source "ChessBase"]
[SourceDate "2021.09.30"]
[SourceVersion "1"]
[SourceVersionDate "2021.09.30"]
[SourceQuality "1"]

1. d4 Nf6 2. c4 g6 3. g3 Bg7 4. Bg2 0-0 5. Nf3 c6 6. 0-0 d5 7. b3 dxc4 8. bxc4 c5 9. Bb2 cxd4 10. Nxd4 Qb6 11. Qb3 Nbd7 12. e3 Nc5 13. Qa3 Nfd7 14. Nc3 e6 15. Rab1 Ne5 16. Ba1 Qc7 17. Ncb5 Qb6 18. Nb3 Nxb3 19. Qxb3 Nc6 20. Bxg7 Kxg7 21. Qc3+ f6 22. c5 Qd8 23. Rfd1 Qe7 24. Nd6 Qc7 25. Rd2 Rb8 26. h4 Ne5 27. Nb5 Qe7 28. Nxa7 Bd7 29. f4 Nc6 30. Nb5 Rfd8 31. Nd6 Be8 32. Rbd1 e5 33. Rd3 Bf7 34. Qd2 Be6 35. Qb2 Bg8 36. Qb6 Bxa2 37. Ra1 Be6 38. Kh2 Bd7 39. Rd2 Be8 40. Rad1 Kh8 41. Bd5 g5 42. fxg5 fxg5 43. hxg5 Qxg5 44. Qb3 Bh5 45. Rf1 Ne7 46. Bg2 Qh6 47. Kg1 Qg7 48. Qe6 Nc8 49. Nf5 1-0

[Event "Wroclaw op-A"]
[Site "Wroclaw"]
[Date "2021.08.04"]
[Round "5"]
[White "Ciborowski, Konrad Jr"]
[Black "Marszalek, Maciej"]
[Result "1/2-1/2"]
[WhiteElo "1742"]
[BlackElo "2303"]
[PlyCount "123"]
[EventDate "2021.08.01"]
[EventType "swiss"]
[EventRounds "9"]
[EventCountry "POL"]
[SourceTitle "CBM 203 Extra"]
[Source "ChessBase"]
[SourceDate "2021.09.30"]
[SourceVersion "1"]
[SourceVersionDate "2021.09.30"]
[SourceQuality "1"]

1. f4 d5 2. Nf3 g6 3. g3 Bg7 4. Bg2 c6 5. 0-0 Qb6+ 6. d4 Nf6 7. c4 Bf5 8. Nc3 0-0 9. e3 Bg4 10. Qb3 Bxf3 11. Bxf3 e6 12. c5 Qc7 13. Qc2 Nbd7 14. b4 b6 15. cxb6 Nxb6 16. Be2 a5 17. bxa5 Rxa5 18. Bd2 Raa8 19. Rfc1 Rfc8 20. a4 c5 21. a5 Nbd7 22. Nb5 Qc6 23. dxc5 Ne4 24. Nd4 Qxc5 25. Qxc5 Ndxc5 26. Bb4 Bxd4 27. exd4 Nb3 28. Rxc8+ Rxc8 29. Rd1 Rc2 30. Bf1 Ra2 31. a6 g5 32. fxg5 Nxg5 33. Bg2 Rxa6 34. h4 Ne4 35. Bxe4 dxe4 36. d5 exd5 37. Rxd5 f6 38. Kf2 Rb6 39. Bd2 Nxd2 40. Rxd2 Rb3 41. Re2 f5 42. g4 Rf3+ 43. Kg2 Rf4 44. gxf5 h5 45. Rc2 Kf7 46. Rc6 Rxf5 47. Kg3 Rf3+ 48. Kg2 Rf6 49. Rc4 Rf4 50. Rc6 Rxh4 51. Kf2 Rg4 52. Ke3 h4 53. Rh6 Kg7 54. Rh5 Kf6 55. Rh8 Kf5 56. Rf8+ Ke6 57. Re8+ Kd5 58. Rd8+ Kc5 59. Rc8+ Kb4 60. Re8 h3 61. Rh8 Rg3+ 62. Kxe4 1/2-1/2

[Event "Wroclaw Anderssen Memorial"]
[Site "Wroclaw"]
[Date "2021.07.31"]
[Round "9"]
[White "Marszalek, Maciej"]
[Black "Stachowiak, Kamil"]
[Result "1-0"]
[WhiteElo "2310"]
[BlackElo "2470"]
[PlyCount "61"]
[EventDate "2021.07.31"]
[EventType "swiss (rapid)"]
[EventRounds "9"]
[EventCountry "POL"]
[SourceTitle "CBM 203 Extra"]
[Source "ChessBase"]
[SourceDate "2021.09.30"]
[SourceVersion "1"]
[SourceVersionDate "2021.09.30"]
[SourceQuality "1"]

1. d4 Nf6 2. c4 c5 3. d5 b5 4. Nf3 bxc4 5. Nc3 d6 6. e4 g6 7. Bxc4 Bg7 8. 0-0 0-0 9. h3 Ba6 10. Qe2 Bxc4 11. Qxc4 Nbd7 12. Re1 Rb8 13. Qe2 Ne8 14. Bf4 Qb6 15. Rab1 Qb4 16. a3 Qa5 17. e5 Nb6 18. Bg5 f6 19. exf6 exf6 20. Bf4 Rd8 21. Bg3 Nc7 22. Qc2 Nb5 23. b4 Nxa3 24. bxa5 Nxc2 25. axb6 Nxe1 26. Rxe1 axb6 27. Nb5 Rfe8 28. Rd1 Bf8 29. Nd2 Re2 30. Kf1 Rde8 31. Nc7 1-0

[Event "Wroclaw Anderssen Memorial"]
[Site "Wroclaw"]
[Date "2021.07.31"]
[Round "7"]
[White "Marszalek, Maciej"]
[Black "Wieczorek, Oskar"]
[Result "1-0"]
[WhiteElo "2310"]
[BlackElo "2498"]
[PlyCount "54"]
[EventDate "2021.07.31"]
[EventType "swiss (rapid)"]
[EventRounds "9"]
[EventCountry "POL"]
[SourceTitle "CBM 203 Extra"]
[Source "ChessBase"]
[SourceDate "2021.09.30"]
[SourceVersion "1"]
[SourceVersionDate "2021.09.30"]
[SourceQuality "1"]

1. d4 Nf6 2. c4 c5 3. d5 b5 4. Nf3 Bb7 5. a4 bxc4 6. Nc3 g6 7. e4 d6 8. Bxc4 Bg7 9. e5 dxe5 10. Nxe5 0-0 11. 0-0 Nfd7 12. Nf3 Nb6 13. Ba2 c4 14. Qe2 Nxd5 15. Nxd5 Bxd5 16. Bxc4 Nc6 17. Ra3 Rb8 18. Bb5 Bxf3 19. Qxf3 Nd4 20. Qe4 e6 21. Bf4 Nxb5 22. axb5 Rxb5 23. Rxa7 Rxb2 24. Be3 Qb8 25. g3 Qe5 26. Qxe5 Bxe5 27. Rd1 Rbb8 1-0

[Event "POL-chT 2nd League"]
[Site "Poronin"]
[Date "2020.09.13"]
[Round "9.3"]
[White "Marszalek, Maciej"]
[Black "Puczylowski, Marcin"]
[Result "1-0"]
[WhiteElo "2290"]
[BlackElo "2129"]
[PlyCount "60"]
[EventDate "2020.09.05"]
[EventType "team-swiss"]
[EventRounds "9"]
[EventCountry "POL"]
[SourceTitle "CBM 198 Extra"]
[Source "ChessBase"]
[SourceDate "2020.11.30"]
[SourceVersion "1"]
[SourceVersionDate "2020.11.30"]
[SourceQuality "1"]
[WhiteTeam "Stara Wies Parnas"]
[BlackTeam "Debica Gryf"]
[WhiteTeamCountry "POL"]
[BlackTeamCountry "POL"]

1. d4 d5 2. c4 dxc4 3. e3 Nf6 4. Bxc4 e6 5. Nf3 c5 6. 0-0 a6 7. Bb3 Nc6 8. Nc3 cxd4 9. exd4 Be7 10. Be3 0-0 11. Qe2 Nb4 12. Ne5 Nbd5 13. Rac1 Bd7 14. Qf3 Be8 15. Qh3 Nxc3 16. bxc3 Rc8 17. c4 Bc6 18. Nxc6 bxc6 19. Rfd1 Qa5 20. Bd2 Qa3 21. c5 Nd5 22. Rc4 Bf6 23. Qd3 e5 24. Ra4 Qb2 25. Bc2 g6 26. Rb1 Qxd4 27. Rxd4 exd4 28. Qxa6 Ra8 29. Qc4 Ra3 30. Bb3 Kg7 1-0

[Event "POL-chT 2nd League"]
[Site "Poronin"]
[Date "2020.09.11"]
[Round "7.2"]
[White "Marszalek, Maciej"]
[Black "Eggink, Ryszard"]
[Result "1-0"]
[WhiteElo "2290"]
[BlackElo "2398"]
[PlyCount "33"]
[EventDate "2020.09.05"]
[EventType "team-swiss"]
[EventRounds "9"]
[EventCountry "POL"]
[SourceTitle "CBM 198 Extra"]
[Source "ChessBase"]
[SourceDate "2020.11.30"]
[SourceVersion "1"]
[SourceVersionDate "2020.11.30"]
[SourceQuality "1"]
[WhiteTeam "Stara Wies Parnas"]
[BlackTeam "Kopernik WKS"]
[WhiteTeamCountry "POL"]
[BlackTeamCountry "POL"]

1. d4 Nf6 2. c4 e6 3. g3 c5 4. d5 exd5 5. cxd5 b5 6. e4 Nxe4 7. Bg2 Nd6 8. Nf3 Be7 9. 0-0 0-0 10. Bf4 Bb7 11. Re1 Nc4 12. Nc3 b4 13. Na4 Bd6 14. Bxd6 Nxd6 15. Nxc5 Qb6 16. Rc1 Rd8 17. Na4 1-0